| 000 | 00629cab a22002055a 4500 | ||
|---|---|---|---|
| 001 | L155709 | ||
| 008 | 120405e20121118xxk 000 0 eng d | ||
| 035 | _a(Sirsi) u155709 | ||
| 041 | 0 | _aeng | |
| 100 | 1 | _aRichardson, Sarah | |
| 245 | 0 | 2 | _aA green leap forward? |
| 260 | _c2012 | ||
| 490 |
_aBuilding _v277(8721) 30 March 2012, 32-35(4) |
||
| 520 | _aExamines the construction boom in China from the perspective of energy efficiency and how committed China is to sustainable construction. | ||
| 590 | _aKA | ||
| 651 | 4 | _aChina | |
| 690 |
_aConstruction management _96230 |
||
| 690 |
_aSustainability _96271 |
||
| 942 | _n0 | ||
| 999 |
_c83900 _d83900 |
||